[Event "Moscow Aeroflot op-A"]
[Site "Moscow"]
[Date "2004.02.24"]
[Round "8"]
[White "Markowski, Tomasz"]
[Black "Socko, Bartosz"]
[Result "1-0"]
[WhiteElo "2603"]
[BlackElo "2556"]
[Annotator "Konikowski,J"]
[PlyCount "95"]
[EventDate "2004.02.17"]
[EventType "swiss"]
[EventRounds "9"]
[EventCountry "RUS"]
[SourceTitle "CBM 100"]
[Source "ChessBase"]
[SourceDate "2004.06.01"]
[SourceVersion "1"]
[SourceVersionDate "2004.06.01"]
[SourceQuality "1"]

1. g3 d5 2. Nf3 Bf5 3. Bg2 e6 4. O-O Be7 5. c4 c6 6. d3 Nd7 7. Nc3 Ngf6 8. cxd5
cxd5 9. Nh4 Bg4 10. h3 Bh5 11. g4 Bg6 12. e4 Nxe4 13. dxe4 Bxh4 14. exd5 e5 15.
Qa4 h5 16. d6 (16. g5 $5 Bxg5 17. Bxg5 Qxg5 18. f4 Qe7 (18... exf4 19. Rae1+
Kd8 20. Rxf4 Re8 21. Rxe8+ Kxe8 22. Rf2 $16) 19. fxe5 O-O 20. d6 Qe6 21. Rae1
$16) 16... hxg4 17. hxg4 Kf8 $2 {[%mdl 8192]} (17... Bd3 $142 $5 18. Rd1 b5 19.
Qa3 (19. Nxb5 Bxf2+ $1) 19... Bxf2+ 20. Kxf2 Qh4+ 21. Kg1 Qh2+ 22. Kf2 Qh4+ 23.
Kg1 Qh2+ $11) 18. Be3 f5 19. gxf5 Bxf5 20. Nd5 b5 (20... Nb6 21. Qb4 $18) 21.
Qxb5 Rb8 22. Qe2 Qe8 {[%cal Ye5e4]} 23. Rac1 (23. Bxa7 $142 $5 Rb7 24. Qf3 $18)
23... Qg6 24. Bxa7 Re8 {[%cal Ye5e4]} 25. Rc3 e4 26. Ne7 (26. f3 $5) 26... Bxe7
27. dxe7+ Kxe7 (27... Rxe7 28. Bd4 (28. Re1 $5) 28... Qh6 29. Rfc1 Qh2+ 30. Kf1
Bh3 31. Rxh3 Rxh3 32. Rc8+ Kf7 (32... Re8 33. Bxg7+ $18) 33. Qc4+ Kg6 34. Rc6+
Kh7 35. Re6 $18) 28. Re1 Qh6 29. Qe3 Qh2+ 30. Kf1 Kf7 31. Bd4 Qd6 32. Rec1 Rh6
33. Rc6 Qxc6 34. Rxc6 Rxc6 35. Qf4 g6 36. Bh3 e3 (36... Rf6 37. Qg3 Ne5 (37...
Bxh3+ 38. Qxh3 Rf5 39. Qh7+ Ke6 40. Qxg6+ $18) 38. Qb3+ Kf8 39. Bxf5 Rxf5 40.
Qb7 Nf7 41. Ke2 $18) 37. Bxf5 e2+ 38. Ke1 gxf5 39. Qxf5+ Nf6 40. Be3 Re4 41.
Qb5 Rc2 (41... Rce6 42. Kxe2 Ng4 43. Qc5 R6e5 44. Qc3 $18) 42. a4 Ke6 (42...
Rcc4 43. a5 Rb4 44. Qxe2 Re6 45. Qd2 Rb5 46. b4 $18) 43. a5 Nd5 44. a6 Rh4 45.
Bd2 Nf4 46. Qb3+ Kf6 47. Qf3 Rxb2 48. Bc3+ 1-0

[Event "Tata Steel-A 75th"]
[Site "Wijk aan Zee"]
[Date "2013.01.19"]
[Round "7"]
[White "L'Ami, Erwin"]
[Black "Giri, Anish"]
[Result "1/2-1/2"]
[WhiteElo "2627"]
[BlackElo "2720"]
[Annotator "L'Ami,E"]
[PlyCount "60"]
[EventDate "2013.01.12"]
[EventType "tourn"]
[EventRounds "13"]
[EventCountry "NED"]
[EventCategory "20"]
[SourceTitle "CBM 153"]
[Source "ChessBase"]
[SourceDate "2013.03.14"]
[SourceVersion "1"]
[SourceVersionDate "2013.03.14"]
[SourceQuality "1"]

1. Nf3 d5 2. g3 c6 3. c4 {Very fashionable nowadays, and for a good reason;
the resulting positions are relatively unexplored.} Bg4 {And the most
fashionable response. Instead of developing his knight to f6, Black intends to
play e7-e6 quickly without blocking the white-squared bishop that has already
'left the house'.} 4. Qb3 {The most principled reaction, trying to disrupt
Black's setup.} Qc7 $6 ({Not the best, as we shall see. For} 4... Qb6 {I refer
to Grischuk-Morozevich, while}) (4... Bxf3 {also deserves attention. With just
a dozen games played, this line offers plenty of room for exploration!}) 5. Bg2
e6 6. O-O Nf6 {So Black has achieved his setup, but at a price. The queen is
vulnerable on c7 and after White's next move that problem has to be dealt with.
} 7. d4 Bd6 ({Anish decides to meet the threat of Bf4 directly. Alternatively} 
7... Nbd7 8. Bf4 ({I thought} 8. cxd5 $5 {would be strong here but perhaps
it's nothing} exd5 (8... cxd5 9. Bf4 Qb6 10. Rc1 {looks unpleasant, the knight
on d7 is misplaced.}) 9. Bf4 Qb6 $1 10. Qe3+ Be7 11. Bd6 {during a game one
might stop here, thinking that Black looks to be in a bit of trouble, but
after the subsequent} (11. Nc3 Qd8 {followed by castling.}) 11... Qd8 $1 12.
Nbd2 Be6 $1 {Black is ready to castle and has no problems at all.}) 8... dxc4
9. Qxc4 Bd6 10. Bxd6 (10. Ne5 $5 {is interesting, with the idea} Nxe5 11. dxe5
Bxe5 12. Bxe5 Qxe5 13. Bxc6+ $1 bxc6 14. Qxc6+ Ke7 15. Qb7+ Nd7 16. Qb4+ Ke8
17. Qxg4 Qxb2 18. Qf3 $1 Rc8 19. Na3 Ke7 {and by placing either rook on b1
White retains some advantage.}) 10... Qxd6 11. Nbd2 Bxf3 12. Nxf3 O-O 13. Rfd1
Rad8 14. Rac1 {led to a small, risk-free advantage in Neubauer-Holt,
Philadelphia 2010}) 8. Nc3 ({It's interesting to note that the engine is very
happy to play} 8. c5 Be7 9. Bf4 {here, but I believe after} Qc8 {Black is
doing well because White doesn't really have a follow-up, which makes the
decision to release the central tension a strange one.}) 8... O-O 9. Nd2 $1 {
An important move that marks White's advantage. Any other approach would allow
Black to develop comfortably, but now e2-e4 is in the offing.} Nbd7 ({I was
expecting} 9... Bf5 10. e4 dxe4 11. Ndxe4 Nxe4 12. Nxe4 Bxe4 13. Bxe4 Nd7 14.
Be3 {with a pleasant advantage for White.}) 10. e4 dxe4 11. Ndxe4 Nxe4 12. Nxe4
Be7 {Naturally Black wants to preserve his bishop.} 13. Bf4 Qb6 (13... e5 $6
14. dxe5 Nxe5 {runs into} 15. c5 $1 {followed by Rfe1, when the knight on e5
is shaky.}) 14. Qxb6 $1 axb6 ({I considered taking with the a-pawn to be an
automatic move because} 14... Nxb6 {is calmly met with} 15. b3 {but Black
brings his knight back in the game, stopping Nc5, after which it's not easy to
prove a real advantage:} Nd7 (15... Rad8 16. Nc5 Bxc5 17. dxc5 Nc8 18. h3 Bf5
19. Rad1 {with a rather serious advantage. In the long run White's queenside
pawns, supported by the bishop pair, will be difficult to sustain him.}) 16. h3
(16. Bd6 Rfe8 17. Bxe7 Rxe7 18. Nd6 Rb8 {is a much better version of the game.
I don't think Black has much to fear.}) 16... Be2 (16... Bh5 17. g4 $1 Bg6 {
and the point is White can now go} 18. Nd6 {because g7-g5 no longer wins a
piece.}) 17. Rfe1 Bd3 18. Bd6 (18. Nd6 g5 19. Be5 f6 20. Nxb7 fxe5 21. Bxc6 {
is the natural suggestion of the engine. It even tells me White is a bit
better but I would have also believed it had it claimed the opposite. In any
case, it seems strange to go for this line.}) 18... Rfe8 19. Bxe7 Bxe4 20. Rxe4
Rxe7 21. d5 {though Black still has some work to do before the position is
completely equal.}) 15. Bd6 Rfe8 {It makes little sense to take on d6 yourself
when you can have the same position with the rook slightly better placed on e7.
} 16. Bxe7 Rxe7 17. Nd6 Rb8 ({The only move, as} 17... e5 18. d5 cxd5 19. cxd5
$1 (19. Bxd5 Nf6 $1) 19... Nf6 20. Rfe1 Rd8 21. Nc4 Nxd5 (21... e4 22. f3 $1)
22. Nxe5 Be6 23. Rad1 $36 {is not pretty.}) ({Just to show how dangerous
Black's position is} 17... Nf6 18. Nxb7 $1 Rxb7 19. Bxc6 Rab8 20. Bxb7 Rxb7 21.
a4 Kf8 22. b4 {is just lost. White's pawns are unstoppable.}) 18. b4 $6 ({
So natural, and yet, it spoils a large part of the advantage! Black intends to
trade off the strong knight on d6 with Nf6-e8 so appropriate prophylactic
measures must be taken to deal with this. First the bishop is kicked back.} 18.
h3 Bh5 (18... Bf5 19. a4 (19. d5 $5 cxd5 20. Rfe1 $1 Kf8 21. Nxf5 exf5 22. Rxe7
Kxe7 23. Bxd5 {is also not bad at all.}) 19... Nf6 20. c5 $1 bxc5 21. dxc5 Ne8
22. Rfd1 $1 {is similar to 18...Bh5}) 19. a4 $1 Nf6 20. c5 {with the pawn on
a4 Black can no longer reply with b6-b5} bxc5 (20... Ne8 21. Nxe8 Rexe8 22.
cxb6 Red8 23. g4 $1) 21. dxc5 Ne8 {and because of 18.h3! White can now play}
22. g4 {giving acces for the rook to d1, thereby securing the outpost on d6.}
Bg6 23. Rfd1 {White is ready to push the queenside pawns and strategically
speaking Black is completely busted.}) 18... Nf6 19. a4 ({Also here} 19. h3 {
had to be played.}) 19... Ne8 20. Nxe8 Rexe8 21. c5 ({Houdini likes} 21. b5 {
but after} cxb5 22. axb5 {Black has little to fear in my opinion. Most
straightforward is} e5 23. d5 (23. dxe5 Rxe5 24. Bd5 Be6 $5) 23... Rec8 $1 24.
Rfc1 Kf8 {and when the king arrives on d6, who exactly is better?}) ({Note that
} 21. h3 {can now annoyingly be met with} Be2 {.}) 21... e5 $1 ({I had seen
this advance but had misjudged it. Of course} 21... bxc5 22. dxc5 {would still
be very pleasant for White.}) 22. f3 $6 ({I'm having problems to understand
why I didn't consider} 22. d5 bxc5 23. bxc5 cxd5 24. Bxd5 {when Black still
has to make a few precise moves.}) 22... Bf5 23. cxb6 exd4 24. Rfd1 Rbd8 25.
Rd2 d3 26. a5 h5 27. f4 Be4 28. Bxe4 Rxe4 29. Ra3 Red4 ({But not} 29... Rxb4
30. Raxd3 Rxd3 31. Rxd3 g6 32. Rd7 Rb5 33. Rxb7 Rxa5 34. Rc7 {winning a pawn.})
30. Kf2 f5 ({and because of} 30... f5 31. Ke3 Re4+ 32. Kf2 Red4 {we agreed to
a draw.}) 1/2-1/2

[Event "Tata Steel-B 74th"]
[Site "Wijk aan Zee"]
[Date "2012.01.28"]
[Round "12"]
[White "Reinderman, Dimitri"]
[Black "Ernst, Sipke"]
[Result "1-0"]
[WhiteElo "2581"]
[BlackElo "2606"]
[Annotator "Let's Check"]
[PlyCount "55"]
[EventDate "2012.01.14"]
[EventType "tourn"]
[EventRounds "13"]
[EventCountry "NED"]
[EventCategory "15"]
[SourceTitle "CBM 147"]
[Source "ChessBase"]
[SourceDate "2012.03.16"]
[SourceVersion "1"]
[SourceVersionDate "2012.03.16"]
[SourceQuality "1"]

1. c4 c6 2. g3 d5 3. Bg2 Nf6 4. Nf3 dxc4 5. O-O Nbd7 6. Na3 Nb6 7. Qc2 Qd5 8.
Ne1 Qd4 9. e3 Qg4 10. e4 h5 11. h3 Qg6 12. Nxc4 Nxc4 13. Qxc4 h4 14. g4 Nxg4
15. hxg4 h3 16. Bf3 Bxg4 17. Bxg4 Qxg4+ 18. Kh1 e6 19. f3 Qh4 20. d4 Bd6 21.
Be3 O-O-O 22. Rc1 g5 23. e5 $2 (23. Rg1 Bf4 24. Rg4 $18) 23... g4 $2 (23... Be7
24. Qe2 Kb8 $14) 24. fxg4 $18 Qxg4 25. exd6 Rdg8 26. d5 Qg3 27. dxc6 Qxe3 28.
cxb7+ 1-0

[Event "Buenos Aires Masters"]
[Site "Buenos Aires"]
[Date "2012.05.28"]
[Round "1"]
[White "Flores, Diego"]
[Black "Shirov, Alexei"]
[Result "0-1"]
[WhiteElo "2604"]
[BlackElo "2698"]
[Annotator "Let's Check"]
[PlyCount "90"]
[EventDate "2012.05.28"]
[EventType "tourn"]
[EventRounds "7"]
[EventCountry "ARG"]
[EventCategory "13"]
[SourceTitle "CBM 149"]
[Source "ChessBase"]
[SourceDate "2012.07.17"]
[SourceVersion "1"]
[SourceVersionDate "2012.07.17"]
[SourceQuality "1"]

1. c4 c6 2. Nf3 d5 3. e3 Nf6 4. Nc3 Nbd7 5. Qc2 e6 6. b3 Bd6 7. Bb2 O-O 8. Rg1
Qe7 9. g4 Ba3 10. Bxa3 Qxa3 11. d4 Re8 12. g5 Nh5 13. Be2 g6 14. Nh4 e5 15. Rd1
dxc4 16. Bxh5 exd4 17. Rxd4 cxb3 18. axb3 gxh5 19. g6 $18 hxg6 20. Nxg6 (20.
Rxg6+ $1) 20... Nf6 21. Nb1 Qa5+ 22. b4 Qb6 $2 (22... Qa1 23. Rg5 $14) 23. Qc3
Bg4 24. Rdxg4 $1 hxg4 25. Qxf6 Rxe3+ $1 26. Kd1 $2 (26. Kd2 Rd8+ 27. Kc1 $18)
26... Qd8+ $19 27. Qxd8+ Rxd8+ 28. Kc1 Re4 29. Nh4 Rc4+ 30. Kb2 Rxb4+ 31. Kc3
a5 32. h3 Rd5 33. hxg4 Rc5+ 34. Kd3 Rb3+ 35. Kd4 Rc2 36. f4 a4 37. Re1 Rcb2 38.
Re8+ Kh7 39. Re7 Rxb1 40. Rxf7+ Kg8 41. Rc7 a3 42. Ke5 a2 43. Kf6 a1=Q+ 44. Kg6
Kf8 45. Nf5 Re1 0-1

[Event "Malakoff op 09th"]
[Site "Malakoff"]
[Date "2009.04.15"]
[Round "8"]
[White "Shirazi, Kamran"]
[Black "Sanchez, Joseph"]
[Result "1-0"]
[WhiteElo "2404"]
[BlackElo "2491"]
[Annotator "Malakoff/Primel,D"]
[PlyCount "43"]
[EventDate "2009.04.11"]
[EventType "swiss"]
[EventRounds "9"]
[EventCountry "FRA"]
[SourceTitle "EXT 2010"]
[Source "ChessBase"]
[SourceDate "2010.11.25"]
[SourceVersion "1"]
[SourceVersionDate "2010.11.25"]
[SourceQuality "1"]

1. Nf3 d5 2. g3 c6 3. Bg2 Nf6 4. O-O Bg4 (4... Bf5 {Shirazi,K (2404)-Guichard,
P (2257) Malakoff 09th Op 2009 (2) 1-0}) 5. c4 $1 {Bien meilleur que le plan
habituel d3e4} (5. d3 $143 Nbd7 6. Nbd2 e5 $11) 5... e6 6. d3 Nbd7 7. cxd5 $1 {
Il est trop tard pour jouer Nc6} cxd5 $6 {[%csl Rd7]} (7... exd5 $142 {la
grande ligne} 8. Nc3 Be7 9. Qc2 O-O 10. e4 dxe4 11. dxe4 $14 {Khasin,A (2542)
-Skatchkov,P (2456) RUS-Cup06 Tomsk 2001 (3) 1-0}) 8. Nc3 {[%csl Gc3][%cal
Ge2e4] Le Nc3 est beaucoup plus actif qu'en d2 qui est le plan habituel de
l'attaque indienne.} Be7 9. h3 (9. Bf4 $14 {[%csl Ge5];Loginov,V (2540)
-Huebner,R (2615) Manila ol (Men) 1992 1-0}) 9... Bh5 10. e4 $36 d4 11. Ne2 e5
12. Nh4 {[%csl Gf5,Rh5][%cal Gf2f4]} O-O 13. f4 $5 $146 ({RR} 13. Nf5 Ne8 14.
g4 Bg6 15. f4 Bc5 16. fxe5 Nxe5 17. Bf4 f6 18. Rc1 Bb6 19. Bg3 Nc7 20. g5 Nf7
21. gxf6 gxf6 22. Nf4 Qd7 23. Nxg6 hxg6 24. Qg4 Kh7 25. Qh4+ Kg8 26. Qxf6 gxf5
27. Qg6+ {1-0 Nikolic,P (2596)-Haznedaroglu,K (2438)/Kusadasi 2006/CBM 111 ext}
) 13... exf4 14. g4 Bg6 15. Bxf4 Nc5 16. Rc1 Nfd7 17. Nf5 Bxf5 18. exf5 $16 {
[%csl Rb7,Gf4,Gg2]} Qb6 19. Qd2 Bd6 20. b4 Na4 21. Bxd6 Qxd6 22. Rc4 {[%csl
Ra4] Suite illisible et gain blanc au 64ème coup} 1-0